| 000 | 00805nam a22002537a 4500 | ||
|---|---|---|---|
| 001 | 1214 | ||
| 005 | 20230808140943.0 | ||
| 008 | 230808b cb ||||| |||| 00| 0 eng d | ||
| 020 | _a9781846433788 | ||
| 040 |
_aFISKH _beng _cFISKH _dFISKH |
||
| 050 | _aPZ7.K9483 | ||
| 082 | _a612.84 | ||
| 100 | _aKubler, Annie | ||
| 245 |
_aWhat can I see? _cAnnie Kubler |
||
| 260 |
_aSwindon : _bChild's Play International Ltd., _c2011. |
||
| 300 |
_a10 unnumbered pages : _c12 cm. |
||
| 505 | _aD | ||
| 520 | _aBrilliant board books for toddlers based around senses. Exploring the concept of touch, this title features familiar scenes and fun words to encourage lively chatter. | ||
| 521 |
_a200
_bLexile estimate |
||
| 521 |
_aD
_bRaz-Plus |
||
| 650 | _2eyesite | ||
| 650 | _2eyes | ||
| 942 |
_2ddc _cBK _n0 |
||
| 999 |
_c1214 _d1214 |
||